LEADER 01266nam0 2200301 450 001 000040516 005 20150304154321.0 100 $a20150302d2005----km-y0itaa50------ba 101 0 $aita 102 $aIt 200 1 $a<> cultura estetica in Sicilia nel Settecento$fFrancesco Paolo Campione 210 $aPalermo$cUniversitą degli Studi di Palermo, Dipartimento di filosofia, storia e critica dei saperi$dstampa 2005 215 $a226 p.$cill.$d24 cm. 300 $aVolume 2. di Fieri : Annali del Dipartimento di filosofia storia e critica dei saperi 606 1 $aLetteratura italiana$xAutori siciliani$zSec. 18. 676 $a850.99458$v(22. ed.)$9Letteratura italiana. Scrittori siciliani 700 1$aCampione,$bFrancesco Paolo$0179864 801 0$aIT$bUniversitą della Basilicata - B.I.A.$gREICAT$2unimarc 912 $a000040516 996 $aCultura estetica in Sicilia nel Settecento$9105461 997 $aUNIBAS BAS $aLETTERE CAT $aSTD101$b01$c20150302$lBAS01$h1241 CAT $aTTM$b30$c20150304$lBAS01$h1543 CAT $aBATCH$b00$c20180801$lBAS01$h1239 FMT Z30 -1$lBAS01$LBAS01$mBOOK$1BASA1$APolo Storico-Umanistico$2FCAN$BFondo Cantillo$6112476$5L112476$820150302$f98$FConsultazione all $aall $n0009413 LEADER 01332nam 2200409 450 001 9910150386603321 005 20230808200547.0 010 $a3-8452-7795-5 035 $a(CKB)3710000000943605 035 $a(MiAaPQ)EBC4741863 035 $a(EXLCZ)993710000000943605 100 $a20170816h20162016 uy 0 101 0 $ager 135 $aurcnu|||||||| 181 $2rdacontent 182 $2rdamedia 183 $2rdacarrier 200 14$aDie Risikoabsicherung des Verbrauchers durch Bu?rgschaft beim Erwerb vom Bautra?ger /$fJens-Arne Reumschu?ssel 205 $a1. Auflage. 210 1$aBaden-Baden, [Germany] :$cNomos Verlagsgesellschaft,$d2016. 210 4$d©2016 215 $a1 online resource (245 pages) 225 1 $aNomos Universita?tsschriften. Recht ;$vBand 896 311 $a3-8487-3454-0 320 $aIncludes bibliographical references. 410 0$aNomos Universita?tsschriften.$pRecht ;$vBand 896. 606 $aReal property$zGermany 615 0$aReal property 676 $a346.43043 700 $aReumschu?ssel$b Jens-Arne$01378139 801 0$bMiAaPQ 801 1$bMiAaPQ 801 2$bMiAaPQ 906 $aBOOK 912 $a9910150386603321 996 $aDie Risikoabsicherung des Verbrauchers durch Bu?rgschaft beim Erwerb vom Bautra?ger$93416207 997 $aUNINA